000 00468nam a2200169 a 4500
001 1754
003 CO-ViMGA
008 141112s2004 ck r 000 u spa d
040 _aCO-ViMGA
_bspa
_cCO-ViMGA
082 0 4 _a635.642 F323c
100 1 _aFederación Nacional de Cafetero de Colombia
_950255
245 1 0 _aEl cultivo del Tomate
260 _aSantafé de Bogotá :
_bLa federación,
_c1992
300 _a18 p : il
650 1 4 _aTOMATE - CULTIVO
942 _2ddc
_cBK
999 _c13922
_d13922